| 000 | 01237cab a2200265 4500 | ||
|---|---|---|---|
| 001 | ABS67467 | ||
| 008 | 040126n2003 000 0 eng u | ||
| 035 | _a(Sirsi) u124914 | ||
| 100 | _aMitchell, C. | ||
| 245 | _aNatural progression | ||
| 260 | _c2003 | ||
| 490 |
_aScottish Planner _v(96) December 2003, 8(1) |
||
| 520 | _aScottish Natural Heritage (SNH) launched its ten year corporate strategy "A natural perspective" in November 2003 which outlines the SNH's commitment to enhancing nature conservation activities in Scotland. Looks the SNH's role in looking after sites of special scientific interest, outlines its commitment to encouraging more public green spaces through its Greenspace for Communities Initiative, highlights the proposed Scottish outdoor access code, and stresses its support for encouraging renewable energy initiatives. | ||
| 590 | _aABS | ||
| 650 | _aSCOTLAND | ||
| 650 | _aSCOTTISH NATURAL HERITAGE | ||
| 650 | _aNATURE CONSERVATION | ||
| 650 | _aSITES OF SPECIAL SCIENTIFIC INTEREST | ||
| 650 | _aOPEN SPACES | ||
| 650 | _aRENEWABLE ENERGY SOURCES | ||
| 650 | _aACCESS TO LAND | ||
| 650 | _aNATURE CONSERVATION (SCOTLAND) ACT 2004 | ||
| 690 | _aRURAL-NATURE CONSERVATION | ||
| 942 | _n0 | ||
| 999 |
_c74080 _d74080 |
||